Procesos de estructuración territorial en Costa Rica: bibliografía sobre la problemática urbana y regional 1945-1981 /
Presenta una bibliografía sobre la problemática urbana y regional en el periodo 1945 a 1981, en Costa Rica - centra la bibliografía en la áreas de conocimiento que se relacionan con la problemática del desarrollo a nivel regional, urbano y local, tanto en lo que se refiere a los procesos que han con...
Guardat en:
| Autor principal: | |
|---|---|
| Autor corporatiu: | , |
| Altres autors: | |
| Format: | Text |
| Publicat: |
San José:
UCR-CSUCA-PISPAL
|
| Etiquetes: |
Afegir etiqueta
Sense etiquetes, Sigues el primer a etiquetar aquest registre!
|
MARC
| LEADER | 00000 a a2200000 04500 | ||
|---|---|---|---|
| 001 | 20527 | ||
| 003 | |||
| 040 | |||
| 090 | |a 086200 | ||
| 100 | |a Lavell, Allan | ||
| 110 | |a CSUCA | ||
| 245 | |a Procesos de estructuración territorial en Costa Rica: bibliografía sobre la problemática urbana y regional 1945-1981 / |c CSUCA | ||
| 260 | |a San José: |b UCR-CSUCA-PISPAL | ||
| 300 | |a 410 p. | ||
| 520 | |a Presenta una bibliografía sobre la problemática urbana y regional en el periodo 1945 a 1981, en Costa Rica - centra la bibliografía en la áreas de conocimiento que se relacionan con la problemática del desarrollo a nivel regional, urbano y local, tanto en lo que se refiere a los procesos que han conducido a la conformación especifica del territorial nacional, como a la acción estatal que se ha inscrito en ese territorio. Orden la bibliografía de acuerdo con la siguiente temática: Estudios sobre el crecimiento económico y la dinámica social, Población y vivienda, Estudios, política, y planificación regionales, Desarrollo rural, Desarrollo urbano y asentamientos humanos, El municipio, La comunidad y empresas comunitarias, y Estadísticas | ||
| 700 | |a Arriaga, Jorge |a Morales Alvarez, Miguel | ||
| 710 | |a Universidad de Costa Rica. Instituto de Investigaciones Sociales |a PISPAL | ||
| 999 | |c 14606 |d 14606 | ||
